[Event "Corus A"]
[Site "Wijk aan Zee NED"]
[Date "2005.01.25"]
[Round "9"]
[White "Sokolov, I."]
[Black "Morozevich, A."]
[Result "0-1"]
[WhiteElo "2685"]
[BlackElo "2741"]
[PlyCount "66"]
[EventDate "2005.01.15"]

1. d4 d5 2. c4 e5 3. dxe5 d4 4. Nf3 Nc6 5. Nbd2 Nge7 6. Nb3 Nf5 7. a3 Be7 8. g3
a5 9. Qd3 a4 10. Nbd2 h5 11. Bh3 g6 12. Ne4 h4 13. Bf4 hxg3 14. hxg3 Ng7 15.
Bg2 Rxh1+ 16. Bxh1 Bf5 17. Nfg5 Na5 18. Qf3 Ne6 19. Nh7 Bxe4 20. Qxe4 c6 21. e3
Nb3 22. Rd1 Qa5+ 23. Ke2 Nec5 24. Qg2 Qa6 25. Kf1 Qxc4+ 26. Kg1 Qc2 27. Qf3 d3
28. Bg5 Ne4 29. Bxe7 Nxf2 30. Qxf2 Qxd1+ 31. Kg2 Qc2 32. Bd6 O-O-O 33. Kg1 Rh8
(33... Rh8 34. Qxf7 {threatening mate in one} Qd1+ 35. Kg2 Qe2+ 36. Kg1 Qd1+) (
33... Qxf2+ 34. Kxf2 Rh8 35. Bf3 Rxh7) 0-1